| 000 | 01264nam a2200265Ia 4500 | ||
|---|---|---|---|
| 003 | OSt | ||
| 005 | 20220930094828.0 | ||
| 006 | a|||||r|||| 00| 0 | ||
| 007 | ta | ||
| 008 | 220926b |||||||| |||| 00| 0 hin d | ||
| 024 | _a21305 | ||
| 037 | _cTheses | ||
| 040 |
_aCRL _cCRL _bhin |
||
| 041 |
_2hin _ahin |
||
| 100 | _aप्रवेश कुमार | ||
| 110 |
_aदिल्ली विश्वविद्यालय. कला संकाय. राजनीति विज्ञान विभाग _9556391 |
||
| 245 | 0 |
_aपहचान और प्रतीकों की राजनीति _b बहुजन समाज पार्टी का एक अध्ययन |
|
| 246 | _aPahachān aur pratīkoan kī rājanīti: bahujan samāj pārṭī kā ek adhyayana | ||
| 260 | _c2013 | ||
| 650 | _aभारतीय राजनीति | ||
| 700 |
_a डॉ. सुनील चौधरी, गा. _9556392 |
||
| 700 |
_aदिल्ली विश्वविद्यालय. कला संकाय. राजनीति विज्ञान विभाग _9556393 |
||
| 942 |
_cDIS _2CC |
||
| 999 |
_c887736 _d887736 |
||